Catálogo - Centro de Recursos para el Aprendizaje y la Investigación

Volver al Sitio - CRAI Biblioteca

Diccionario histórico, político y cultural 1492-2024 / (Registro nro. 114413)

Detalles MARC
000 -CABECERA
campo de control de longitud fija 00993nam a22002537a 4500
001 - NÚMERO DE CONTROL
campo de control 114413
003 - IDENTIFICADOR DEL NÚMERO DE CONTROL
campo de control DR-UNIBE
005 - FECHA Y HORA DE LA ÚLTIMA TRANSACCIÓN
campo de control 20260302143735.0
008 - DATOS DE LONGITUD FIJA--INFORMACIÓN GENERAL
campo de control de longitud fija 260302b2025 dr ||||| |||| 00| 0 spa d
020 ## - NÚMERO INTERNACIONAL ESTÁNDAR DEL LIBRO
Número Internacional Estándar del Libro 9789945251548
040 ## - FUENTE DE LA CATALOGACIÓN
Centro catalogador/agencia de origen BIBLIOTECA UNIBE
Centro/agencia transcriptor BIBLIOTECA UNIBE
Normas de descripción rda
Lengua de catalogación spa
041 ## - CÓDIGO DE LENGUA
Código de lengua del texto/banda sonora o título independiente spa
082 ## - NÚMERO DE LA CLASIFICACIÓN DECIMAL DEWEY
Número de clasificación R-RD 920.07293 G377d
100 ## - ENTRADA PRINCIPAL--NOMBRE DE PERSONA
Nombre de persona Gerón, Cándido,
Fechas asociadas al nombre 1950-
Forma completa/desarrollada del nombre (Araújo Gerón, Cándido)
9 (RLIN) 24252
245 10 - MENCIÓN DE TÍTULO
Título Diccionario histórico, político y cultural 1492-2024 /
Mención de responsabilidad, etc. Cándido Gerón
260 ## - PUBLICACIÓN, DISTRIBUCIÓN, ETC.
Lugar de publicación, distribución, etc. Santo Domingo :
Nombre del editor, distribuidor, etc. Archivo General de la Nación,
Fecha de publicación, distribución, etc. 2025
300 ## - DESCRIPCIÓN FÍSICA
Extensión 699 páginas :
Otras características físicas fotografías (Blanco y negro)
490 ## - MENCIÓN DE SERIE
Mención de serie Archivo General de la Nación ;
Designación de volumen o secuencia 541
650 ## - PUNTO DE ACCESO ADICIONAL DE MATERIA--TÉRMINO DE MATERIA
Término de materia o nombre geográfico como elemento de entrada Biografías -- Diccionarios -- República Dominicana
9 (RLIN) 202858
650 ## - PUNTO DE ACCESO ADICIONAL DE MATERIA--TÉRMINO DE MATERIA
Término de materia o nombre geográfico como elemento de entrada Historia -- Diccionarios -- República Dominicana
9 (RLIN) 202859
700 1# - PUNTO DE ACCESO ADICIONAL--NOMBRE DE PERSONA
Nombre de persona Suárez, Manuel Ángel
Término indicativo de función/relación corrector
9 (RLIN) 202857
700 ## - PUNTO DE ACCESO ADICIONAL--NOMBRE DE PERSONA
Nombre de persona Domínguez Novas, Juan Francisco
9 (RLIN) 127336
Término indicativo de función/relación diagramador
942 ## - ELEMENTOS DE PUNTO DE ACCESO ADICIONAL (KOHA)
Fuente del sistema de clasificación o colocación Sistema de Clasificación Decimal Dewey
Tipo de ítem Koha Libro (general)
Existencias
Estado de retiro Estado de pérdida Fuente del sistema de clasificación o colocación No para préstamo Código de colección Localización permanente Fecha de adquisición Total de préstamos Signatura topográfica completa Código de barras Fecha visto por última vez Número de copia Precio válido a partir de Tipo de ítem Koha
  Disponible Sistema de Clasificación Decimal Dewey   Referencia - Obras dominicanas Biblioteca Central UNIBE 01/01/2026   R-RD 920.07293 G377d 260166 03/03/2026 Ej. 1 03/03/2026 Libro (referencia)
  Disponible Sistema de Clasificación Decimal Dewey   Referencia - Obras dominicanas Biblioteca Central UNIBE 01/01/2026   R-RD 920.07293 G377d 260167 03/03/2026 Ej. 2 03/03/2026 Libro (referencia)